Special component plan for scheduled castes, annual plan, 1981-82 and sixth five year plan, 1980-85 (Record no. 489144)

000 -LEADER
fixed length control field 00407cam a22001097a 4500
008 - FIXED-LENGTH DATA ELEMENTS--GENERAL INFORMATION
fixed length control field 180718b1981 xxu||||| |||| 00| 0 eng d
082 ## - DEWEY DECIMAL CLASSIFICATION NUMBER
Classification number BA27x5462 H57
100 ## - MAIN ENTRY--PERSONAL NAME
Personal name Himachal Pradesh. Planning and Scheduled Castes Development Departments
245 ## - TITLE STATEMENT
Title Special component plan for scheduled castes, annual plan, 1981-82 and sixth five year plan, 1980-85
260 ## - PUBLICATION, DISTRIBUTION, ETC.
Place of publication, distribution, etc. Shimla
Name of publisher, distributor, etc. The author
Date of publication, distribution, etc. 1981
300 ## - PHYSICAL DESCRIPTION
Extent 112+p.
Holdings
Withdrawn status Lost status Damaged status Not for loan Permanent Location Current Location Date acquired Full call number Barcode Date last seen Price effective from Koha item type
        Indian Institute of Public Administration Indian Institute of Public Administration 2018-08-04 BA27x5462 H57 GG18750 2018-08-04 2018-08-04 GG

Powered by Koha